The Devil And God Are Raging Inside Me - Brand New - Statistics

General Stats
  • This quiz has been taken 11 times
  • The average score is 9 of 11
Answer Stats
Track No. Track Length % Correct
3 Jesus Christ 5:18
100%
1 Sowing Season (Yeah) 4:31
100%
2 Millstone 4:16
89%
11 The Archers' Bows Have Broken 4:14
89%
6 You Won't Know 5:42
89%
4 Degausser 5:32
78%
12 Handcuffs 4:10
78%
5 Limousine 7:42
78%
9 Luca 5:08
78%
7 Welcome To Bangkok 3:05
78%
8 Not The Sun 3:09
67%
No matching quizzes found
Score Distribution
Percent of People with Each Score
Percentile by Number Answered
Your Score History
You have not taken this quiz